| 000 | 00669nam a2200193 i 4500 | ||
|---|---|---|---|
| 001 | 93845 | ||
| 003 | ES-MaACL | ||
| 005 | 20250905155303.0 | ||
| 007 | t| | ||
| 008 | 050421s1966 sp ||||1| spa d | ||
| 100 | 1 |
_aPantorba, Bernardino de, _d1896-1990 _988829 |
|
| 245 | 1 | 3 |
_aEl pintor López Cabrera _b: ensayo biográfico y crítico / _cBernardino de Pantorba. |
| 260 |
_aMadrid : _bCompañía Bibliográfica Española, _c1966. |
||
| 300 |
_a142 p., 67 lám. ; _c21 cm. |
||
| 600 | 1 | 4 |
_aLópez Cabrera, Ricardo, _d1866-1950 _9171601 |
| 710 | 2 |
_aCompañía Bibliográfica Española. _9171207 |
|
| 852 |
_aES-MaACL _jC-30495 |
||
| 999 |
_c93845 _d93845 |
||